000 00428nam a2200181Ia 4500
005 20240823015513.0
008 240823s9999||||xx |||||||||||||| ||und||
082 _A621.3191 M4
100 _aNagrath I J
245 0 _aModern Power System Analysis
250 _a1st
260 _c1984
_b"TMH,New Delhi"
500 _aYES
650 _aPower System
_bElectrical
700 _a Kothari D P
942 _cBK
999 _c172570
_d172570